Pays par nombre de lettres - Carte Quiz - Statistiques

Statistiques générales
  • Ce quiz a été pris 117 fois
  • Le résultat moyen est 10 sur 19
Réponses sur la Carte
Les réponses sont colorées sur une échelle allant du rouge au vert en fonction du pourcentage des utilisateurs qui les ont devinées à leur premier essai. Vous pouvez retrouver ces pourcentages ci-dessous.
 
Statistiques - réponses
Réponse % Correct
5
87%
6
86%
4
82%
7
80%
8
76%
10
75%
9
74%
11
64%
12
62%
15
56%
14
55%
29
42%
13
37%
17
32%
21
32%
24
30%
23
27%
16
24%
28
18%
Aucun quiz correspondant
Distribution des résultats
% des personnes avec chaque résultat
Percentile par nombre de réponses
Votre historique - résultats
Vous n’avez pas pris ce quiz